000 003240000a22001090004500
100 1 _aCadin, Michelle S.
245 1 0 _aPrivatize public highways : A way to improvise safety and reduce congestion
300 _aVol. 47, Num. 2 (Febrero, 1997), Páginas 96-97
700 1 _aBlock, Walter
773 0 _tThe Freeman
942 _cANA
999 _c56649
_d56649